Normal view
MARC view
Entry Personal Name
001 - CONTROL NUMBER
- control field: 67061
003 - CONTROL NUMBER IDENTIFIER
- control field: dpl
005 - DATE AND TIME OF LATEST TRANSACTION
- control field: 20240529150909.0
008 - FIXED-LENGTH DATA ELEMENTS
- fixed length control field: 240529|| aca||aabn | a|a d
040 ## - CATALOGING SOURCE
- Original cataloging agency: dpl
- Transcribing agency: dpl
100 ## - HEADING--PERSONAL NAME
- Personal name: Nagrath, Radhika
670 ## - SOURCE DATA FOUND
- Source citation: Work cat.: (dpl)203375: Nagrath, Radhika, The Carnival of Peace:, 2012
